MDQL
is popping MORE tags! Check the
thread
!
Quizzes
Events
Quiz Creation
Community
Videos
Private Events
Remove Ads
Sign In
Join for FREE
Feedback
Dark Mode
Quiz Categories
Sports
Geography
Music
Movies
Television
Just For Fun
Miscellaneous
History
Literature
Language
Science
Gaming
Entertainment
Religion
Holiday
For Kids
Quiz Lab
Recent
Popular Today
Quiz Kudos Today
Editor Picks
Curator Picks
Quizzes by...
Day
Popularity
Type
Ratings
Length
Year
Community
Subscriptions
Recent Discussions
Orange Saloon
Badges
Playlists
Quests
Create
Leaderboards
Showdown
Live 5
Trivia Bingo
Activity
Puzzle Library
Sporcle Events
Private Events
Virtual Trivia
Globe League
Become a Host
Pub Owners
SporcleCon
Opinionation
Our Games
Videos
Blog
Mobile Apps
Partnerships
Remove Ads and Go Orange
Feedback
Sports
Athletes
MLB
NBA
NHL
NFL
Soccer
Sports Teams
WWE
NCAA
Football
Premier League
Basketball
Baseball
Hockey
Golf
Tennis
Cricket
Rugby
Auto Racing
Olympics
World Cup
Sports
Athletes
MLB
NBA
NHL
NFL
Soccer
Sports Teams
WWE
NCAA
Football
Premier League
Basketball
Baseball
Hockey
Golf
Tennis
Cricket
Rugby
Auto Racing
Olympics
World Cup
Random Quiz
Search Sporcle
×
Quiz Lab
Quiz Lab
Sports
Player
Type in answers that appear in a list
Type in answers that appear in a list
Classic
Best Score? Go Orange.
Who were they signed from? Stats
Can you name the clubs that these players were signed from?
By
TrixNFR
20m
40 Questions
32 Plays
32 Plays
32 Plays
Comments
Comments
Give Quiz Kudos
Give Quiz Kudos
-
- Ratings
hide this ad
More Info
Replay
Link that replays current quiz
Next Quiz
Link to next quiz in quiz playlist
You Got
0%
They Got
Avg Score
62%
Avg Friend Score
Upgrade to see
Score Distribution
Jump to the score distribution portion of the page
Score
0/40
Timer
20:00
0
Plays Today
Hint
Answer
% Correct
Suso (AC Milan)
Liverpool
90.6%
Gerard Pique (Barcelona)
Manchester United
87.5%
Edinson Cavani (PSG)
Napoli
87.5%
Andrea Pirlo (New York City FC)
Juventus
87.5%
Gareth Barry (Everton)
Manchester City
84.4%
Philippe Coutinho (Liverpool)
Inter Milan
81.3%
Steven Naismith (Norwich City)
Everton
81.3%
Arjen Robben (Bayern Munich)
Real Madrid
81.3%
Graziano Pelle (Shandong Luneng)
Southampton
81.3%
Dimitri Payet (Marseille)
West Ham United
81.3%
Henrik Mkhitaryan (Manchester United)
Borussia Dortmund
78.1%
N'Golo Kante (Chelsea)
Leicester City
78.1%
Kevin De Bruyne (Manchester City)
Wolfsburg
75%
Nemanja Matic (Chelsea)
Benfica
75%
Ashley Young (Manchester United)
Aston Villa
75%
Karim Benzema (Real Madrid)
Olympique Lyonnais
71.9%
Fernando Torres (Atletico Madrid)
AC Milan
68.8%
Anthony Martial (Manchester United)
AS Monaco
68.8%
Radamel Falcao (AS Monaco)
Atletico Madrid
65.6%
Charlie Austin (Southampton)
Queens Park Rangers
65.6%
Hint
Answer
% Correct
Carlos Tevez (Shanghai Shenhua)
Boca Juniors
65.6%
Joey Barton (Burnley)
Rangers
65.6%
Christian Eriksen (Tottenham Hotspur)
Ajax
65.6%
Moussa Dembele (Celtic)
Fulham
62.5%
Antonio Valencia (Manchester United)
Wigan Athletic
62.5%
Peter Crouch (Stoke City)
Tottenham Hotspur
62.5%
Carlos Bacca (AC Milan)
Sevilla
59.4%
Dele Alli (Tottenham Hotspur)
Milton Keynes Dons
56.3%
Miralem Pjanic (Juventus)
AS Roma
56.3%
Lucas Perez (Arsenal)
Deportivo La Coruna
53.1%
Pepe Reina (Napoli)
Bayern Munich
53.1%
Gary Medel (Inter Milan)
Cardiff City
50%
Joao Moutinho (AS Monaco)
FC Porto
46.9%
Jamie Vardy (Leicester City)
Fleetwood Town
40.6%
Nani (Valencia)
Fenerbahce
37.5%
Shaun Wright-
Phillips (Phoenix Rising)
New York Red Bulls
34.4%
Maurice Edu (Philadelphia Union)
Stoke City
25%
Kenny Miller (Rangers)
Vancouver Whitecaps FC
15.6%
Granit Xhaka (Arsenal)
Borussia Munchengladbach
15.6%
Richard Foster (St.Johnstone)
Ross County
6.3%
Quiz Playlist
Details
Report
Send in Message
Add To Playlist
More Info:
Can you name all of the football clubs that these world footballers were signed from? As of 16th March 2017.
Classic:
Type in answers that appear in a list
Last Updated: Mar 30, 2017
Quiz Scoreboard
CHALLENGE
Sign Up to Join the Scoreboard
Show All
Scores
Hide
Comments
May contain spoilers
Recently Published
5x2 Blitz: Bands
by SL_Kpop136
Music
30s
Colored Red Africa Blitz
by spor1
Geography
30s
Find the 'City' Movie
by crazypaving
Movies
60s
More to Explore
Quiz From the Vault
Featured Blog Post
14 Easter Pick-up Lines to Find Eggs With
hide this ad
You Might Also Like...
Tags
club
Player
Signed
Today's Top Quizzes in Sports
Browse Sports
hide this ad
Today's Top Quizzes in Player
Browse Player
Top Contributed Quizzes in Sports
1
Players with Multiple 50 Home Run Seasons
2
Who Needs Fielders?
3
Criteria MLB: Left Handed Sluggers
4
MLB Players with Two .350 Batting Average Seasons
5
Who Hit More Homers?
6
2020 F1 Drivers Logic Puzzle
7
NBA Teammate Connections
8
Premier League Clubs since 2000 (minefield)
9
MLB Teams by First Game
10
Top 10 NHL Goal Scorers of All Time
Explore More
Trending Topics
Anime
NBA
Kpop
Harry Potter
Marvel
Disney
Crossword
Song
Country
Pokémon
Puzzle
WWE
NFL
Soccer
The Office
hide this ad
More By:
TrixNFR
Quiz
Plays
Rating
Category
Featured
Created
UEFA Euro Winners
1,275
4.00
Sports
Mar 29, 2017
Still Game Characters
828
Television
Feb 21, 2019
FIFA Balon D'Or Winners
661
3.00
Sports
Mar 6, 2017
Rangers FC Managers
329
1.00
Sports
Mar 7, 2017
Money In The Bank Cash Ins
322
3.00
Sports
Mar 22, 2017
Go to Creator's Profile
Score Distribution
Quiz Creator Spotlight
TrixNFR
Follow
Send a Message
Quizzes Created
-
Created Quiz Play Count
-
More By This Creator
Popular Quizzes Today
1
Find the 'City' Movie
2
5x2 Blitz: Bands
3
Colored Red Africa Blitz
4
The Countries of the World
5
Find the US States - No Outlines Minefield
6
Find the US States
7
9x9 Crossword: Cartoon Network
8
US States
More Sports Quizzes
Iker Casillas's Career
Quiz Lab
Trending Quizzes
Colored Red Africa Blitz II
Colored Red Europe Blitz I
Colored Red Africa Blitz III
Colored Red Europe Blitz II
Colored Red Europe Blitz III
Recently Updated
Champions League XIs: Real Madrid
pecheneg
Largest US Cities 1790-2010
pecheneg
Rides in Walt Disney World
pecheneg
Most Oscar Losses (Acting)
pecheneg
Beyoncé Albums
pecheneg
Leaping Animals
pecheneg
Reality TV Shows (A-Z)
bhenderson79
Rickey Henderson's Hall of Fame Teammates
pecheneg
Champions League XIs: Arsenal
pecheneg
Quick Pick: Celebrities in WWE's Hall of Fame
aduchscher
Trending Topics
Anime
Marvel
Crossword
Kpop
Harry Potter
NBA
Disney
NFL
The Office
Country
Puzzle
Pokémon
Soccer
Song
WWE
Your Account Isn't Verified!
In order to create a playlist on Sporcle, you need to verify the email address you used during registration. Go to your
Sporcle Settings
to finish the process.
Report this User
Report this user for behavior that violates our
Community Guidelines
.
Details:
Send Report
Go to the Sporcle.com Mobile Site →
Comments